[Event "Olympiad-42"]
[Site "Baku"]
[Date "2016.09.09"]
[Round "7.4"]
[White "Roiz, Michael"]
[Black "Flores, Diego"]
[Result "1/2-1/2"]
[WhiteElo "2605"]
[BlackElo "2595"]
[Annotator "Roiz,M"]
[PlyCount "71"]
[EventDate "2016.09.02"]
[EventType "team-swiss"]
[EventRounds "11"]
[EventCountry "AZE"]
[SourceTitle "CBM 175"]
[Source "ChessBase"]
[SourceDate "2016.11.10"]
[SourceVersion "1"]
[SourceVersionDate "2016.11.10"]
[SourceQuality "1"]
[WhiteTeam "Israel"]
[BlackTeam "Argentina"]
[WhiteTeamCountry "ISR"]
[BlackTeamCountry "ARG"]

1. Nf3 Nf6 2. c4 c5 3. Nc3 b6 {This move isn't very popular nowadays, but
Diego doesn't mind avoiding the main theoretical lines.} 4. e3 {This
''modest'' move allows White to build-up a solid pawn centre.} (4. d4 cxd4 5.
Nxd4 Bb7 6. f3 e6 7. e4 {would take the game to ''Hedgehog paths''.}) 4... g6 {
Switching to the original version of KID.} ({The more ''classical'' way of
handling the position is} 4... Bb7 5. d4 cxd4 6. exd4 e6 7. a3 d5 {, but
fighting against the isolated pawn is not to everyone's taste. In fact, White
has a couple of aggressive possibilities, such as} 8. Ne5 $5 a6 9. cxd5 Nxd5
10. Qf3 Qf6 11. Qg3 Nxc3 12. bxc3 Bd6 13. Bd3 $36 {1-0 (57) Shvidler,E (2425)
-Tsesarsky,I (2440) Tel Aviv 1991}) 5. d4 Bg7 6. d5 O-O 7. Bd3 {This way of
development seems quite unpleasant for Black, like in the Benoni with h3 and
Bd3 - it's not easy to solve the problem of the passive Bc8.} ({In the
following high-level encounter Black had nothing to worry about after the
opening:} 7. Be2 e6 8. e4 exd5 9. e5 Ne4 10. Nxd5 Nc6 11. Qd3 f5 12. exf6 Nxf6
13. Bg5 Bb7 14. Rd1 Qe8 15. Bxf6 Bxf6 16. O-O Rd8 $132 {1-0 (36) Morozevich,A 
(2748)-Kamsky,G (2762) Tashkent 2012 CBM 152 [Postny,E]}) ({Possibly,} 7. h3 $5
{is a more precise move order. Now if Black plays} d6 8. e4 e5 {White can
heavily limit Black's active possibilities with} 9. g4 $1 $14) 7... e6 {
Diego has a lot of experience in structures à la Benoni, so his choice was
predictable.} ({During the game I was mainly worried about} 7... d6 8. e4 e5 $5
{, intending to develop counterplay on the k-side by means of 9...Nh5 and 10...
f5.} {The play might continue:} 9. Bg5 h6 10. Bh4 Qe8 11. Nd2 Nh5 12. Bc2 f5
$132) 8. O-O exd5 9. cxd5 d6 10. h3 {This prophylactic move is always useful
in such positions, but} ({it was possible not to waste a tempo for that:} 10.
e4 $5 a6 11. a4 Bg4 12. h3 Bxf3 13. Qxf3 Nbd7 14. Qe2 Qc8 15. Bf4 $14) 10...
Ba6 {This is most logical - it definitely makes sense to swap the bishops and
connect the rooks.} (10... a6 11. a4 Bb7 12. e4 Qc7 13. Bf4 Nbd7 14. Re1 $14 {
Heberla,B (2567)-Hambleton,A (2456) Hoogeveen 2014}) 11. e4 Re8 ({In the event
of} 11... b5 12. a3 $1 {Black would suffer from a lack of harmony in his camp.
For instance,} Nbd7 13. Bf4 Nb6 14. Re1 Re8 15. Qd2 $14 {Poluljahov,A-Shipov,B
Moscow 1990}) 12. Re1 Bxd3 $146 ({As earlier,} 12... b5 {is not effective:} 13.
a3 b4 14. axb4 cxb4 15. Na4 Qc8 16. Bf4 $16 {Gomez Esteban,J (2490)
-Damljanovic,B (2540) Leon 1997}) 13. Qxd3 a6 14. a4 {This move was played
automatically.} ({At the same time} 14. Bf4 $5 {deserved serious attention:}
Nh5 (14... b5 15. Bxd6 Qxd6 16. e5 $36) 15. Bg5 Bf6 16. Bxf6 Qxf6 17. g3 Nd7
18. a4 $14) 14... Nbd7 15. Bf4 Qc7 {Now Black is ready to transfer the knight
to d3 after 16...c4, so White has to be careful.} 16. Nd2 ({I rejected} 16. Qc4
$5 Nh5 17. Bh2 Ne5 18. Nxe5 Bxe5 19. Bxe5 Rxe5 20. Re3 Qb7 {, but after} 21. b4
$1 $14 {Black would be doomed to a passive defence.}) 16... Nh5 $6 {First step
in the wrong direction - the knight is clearly misplaced there.} ({The correct
way was:} 16... Ne5 $1 17. Bxe5 (17. Qf1 Nfd7) 17... Rxe5 18. Nc4 Ree8 19. e5
dxe5 20. d6 {The d-pawn looks scary to a human eye, but Black should be fine
after} Qb7 21. Rxe5 Rad8 $132) 17. Bh2 Be5 ({In case of} 17... Bd4 18. Rab1 Ne5
19. Qc2 {the Bd4 has stuck, so} c4 20. Ne2 Bc5 21. Bxe5 Rxe5 22. Qxc4 $14 {
leaves Black a pawn down.}) 18. Qf1 $5 {Slowly preparing the thematic f2-f4
advance.} ({There was nothing wrong with a more natural} 18. Nc4 Bxh2+ 19. Kxh2
Ne5 20. Nxe5 Rxe5 21. g3 $14) 18... Bxh2+ $6 {The exchange of bishops makes
White's play much more comfortable.} ({I was expecting} 18... Bd4 $1 19. Rad1 (
19. Nc4 Ne5 20. Bxe5 dxe5 21. d6 Qd8 22. Nd5 Rb8 $132) 19... Nhf6 20. Nc4 Ne5
21. Nxe5 dxe5 $14 {White is better, but the strong Bd4 yields Black some
counterplay.}) 19. Kxh2 Qd8 20. g3 {Now Black's position lacks any active
ideas.} Ng7 21. f4 Qc7 22. Qd3 f6 {Obviously, Black is trying to build a
fortress.} 23. b3 {Black doesn't have any counterplay, so I didn't want to
force matters too early.} Re7 24. Re2 Qb7 25. Rae1 (25. Nc4 $5 Qc7 26. g4 Rb8
27. Na3 Qb7 28. Rf1 $16) 25... Rae8 26. Nf3 Qc8 {White's setup is almost
perfect now, but what to do next? Well, my main goal at this point was
crossing the time control without spoiling the advantage...} 27. Kg2 Qb7 28.
Kh2 Rb8 $2 {A strange decision. Perhaps, Diego didn't want to sit and wait any
longer, so White is invited to push e4-e5 now...} ({After} 28... Qc8 {I was
intending to play} 29. g4 ({But} 29. e5 $5 {also deserves serious attention:}
fxe5 30. fxe5 Nxe5 31. Nxe5 Rxe5 32. Rxe5 Rxe5 33. Rxe5 dxe5 34. Ne4 $16 {
and Black is under strong pressure, whereas the extra pawn has a symbolic
value.}) 29... Rf8 30. Rf1 Ref7 31. Ref2 $16 {No doubt, the character of play
is very unpleasant for Black, but it was the lesser evil - eventually White
would have to find some constructive idea.}) 29. e5 $1 fxe5 30. fxe5 dxe5 $6 ({
A better move was:} 30... Nxe5 31. Nxe5 dxe5 32. Rxe5 {, transposing to the
text.}) 31. Nxe5 $6 ({For some reason I rejected} 31. d6 Rf7 32. Ng5 Rf5 33.
Qc4+ Kh8 34. Nf7+ Rxf7 35. Qxf7 {in view of} Nf5 {, and the knight is heading
to d4, but after} 36. Rf2 Nd4 37. Qd5 Qxd5 38. Nxd5 Nxb3 39. Rf7 Rd8 40. Ref1 {
White is just winning, so it was the most effective!}) 31... Nxe5 32. Rxe5 Rf7
{The most stubborn. Black's king definitely needs more defenders.} (32... Rxe5
{would be hopeless:} 33. Rxe5 b5 34. axb5 axb5 35. d6 Qf7 36. Ne4 c4 37. bxc4
bxc4 38. Qd2 $18) 33. Ne4 Rbf8 {Again, the best.} ({There was no time for the
knight's route:} 33... Nf5 34. Ng5 Rff8 35. g4 Nd4 36. Qc4 Qd7 37. d6+ Kh8 38.
Qd5 $18) 34. d6 $2 {Alas, this natural move spoils all the advantage!} ({
The cool-blooded} 34. g4 $1 {isn't an easy move to make, especially if you
have few minutes left on the clock. Still, it would put Black in a difficult
situation. For instance,} b5 (34... Rf3 35. Re3 Rxe3 36. Qxe3 Qf7 37. d6 $18)
35. axb5 axb5 36. d6 c4 (36... Rf3 37. Qd5+ Qxd5 38. Rxd5 Ne6 39. d7 c4 40.
bxc4 bxc4 41. Nd6 Nd8 42. Nxc4 $18) 37. bxc4 bxc4 38. Qd4 $1 ({Of course, not} 
38. Qxc4 $4 Qb2+ $19) 38... c3 39. Qxc3 Rf2+ 40. Kg1 R2f3 41. Re7 Rxc3 42. Rxb7
Rxh3 43. g5 $18) 34... Nf5 $1 {The vulnerablity of White's king offers Black
sufficient counterplay now.} 35. Qd5 (35. Ng5 Nd4 36. Kg1 Nf3+ 37. Nxf3 Rxf3
38. R5e3 Rf2 $11) (35. Qc4 Kg7 36. Ng5 Ne3 $1 37. Qe4 Rf2+ 38. Kg1 Rf1+ 39.
Rxf1 Rxf1+ 40. Kh2 Rf2+ $11) 35... Nd4 36. Nf6+ {Here my draw offer was
accepted. Had Black played 36...Kg7 37.Qxb7 Rxb7 38.d7 Nf3+ the game would
continue, but a draw seems the most probable result anyway.} (36. Ng5 Qxd5 37.
Rxd5 Rf2+ 38. Kg1 Ne2+ 39. Kh1 Nxg3+ 40. Kg1 Ne2+ $11) 1/2-1/2

[Event "Moscow Tal Memorial 10th"]
[Site "Moscow"]
[Date "2016.09.29"]
[Round "3"]
[White "Giri, Anish"]
[Black "Tomashevsky, Evgeny"]
[Result "1-0"]
[WhiteElo "2755"]
[BlackElo "2731"]
[Annotator "Sadorra,J"]
[PlyCount "163"]
[EventDate "2016.09.26"]
[EventType "tourn"]
[EventRounds "9"]
[EventCountry "RUS"]
[EventCategory "21"]
[SourceTitle "CBM 175"]
[Source "ChessBase"]
[SourceDate "2016.11.10"]
[SourceVersion "1"]
[SourceVersionDate "2016.11.10"]
[SourceQuality "1"]

{This is one of the decisive games in the exciting round 3 of this
star-studded event.} 1. Nf3 Nf6 2. d4 e6 3. Bf4 {The London System has become
very popular even among top-level players lately especially this year.} b6 ({
The more popular line is} 3... d5 4. e3 c5 5. c3 Nc6 6. Nbd2 Bd6 (6... Be7)) 4.
e3 Bb7 5. Bd3 Be7 6. h3 O-O 7. Nbd2 c5 8. c3 cxd4 {Taking now or later and
placing the d-pawn on d6 characterises the Queen's Indian setup.} 9. exd4 d6
10. O-O Nbd7 11. Re1 Re8 12. Bh2 a6 13. a4 Nf8 {All of the previous moves have
been seen before and White now normally continues with 14.Nc4, but Anish has
other plans...} 14. Ng5 $5 {With the idea to provoke a weakening on Black's
kingside and place a knight on e4.} Qd7 {Technically this is the novelty of
the game. Tomashevsky may not have been familiar with the Ng5 idea.} ({
Previously. what was played was} 14... Ng6 15. Nde4 (15. Nge4 $6 Nd5 16. Nf3 {
0-1 (39) Stevanovic,V (2287)-Mladenovic,S (2124) Valjevo 2011, and here Black
could've played the natural} Ndf4 17. Bf1 Bc6 18. g3 $6 Nd5 $15 {[%cal Gb6b5]
and b6-b5 minority attack will be next.}) 15... Nxe4 16. Nxe4 f5 $6 {this is
exactly what White wants} (16... Nh4 $1 17. f3 Bc6 {with a long positional
struggle ahead, where both sides can fight for an edge.}) (16... Bf8 17. Qh5) (
{or} 16... Bc6 17. Qh5 {is easier to play for White.}) 17. Nd2 Bf8 18. Bc4 Qf6
19. Bf1 $1 (19. Nf3 Kh8 20. Qe2 f4 $1 {Black is fine and even won later: 0-1 
(38) Olejarczyk,B (2178)-Przybylski,W (2326) Warsaw 2010}) 19... Rab8 (19...
Bd5 20. Nc4 Qd8 21. a5 $14) 20. Nc4 Qd8 21. a5 b5 22. Nb6 $14) 15. Qe2 $1 {
Not allowing Black to realise his plan on the queenside.} Bc6 16. Bxa6 Bxa4 17.
Bd3 Bc6 18. Nc4 Qc7 19. Na3 Qb7 20. Nb5 Qd7 21. Nf3 Rxa1 22. Rxa1 Ra8 23. Rxa8
Bxa8 24. Na3 Bc6 25. Bb5 Ne8 26. Bxc6 Qxc6 27. Qb5 Qxb5 28. Nxb5 Nd7 29. Kf1 f6
30. Ke2 Kf7 31. Ne1 Nb8 32. Na7 $1 {Restricting the b8-knight.} ({Another good
idea is} 32. Nc2 Nc6 33. d5 $1 exd5 34. Bf4 Ke6 35. Be3 Bd8 36. Ncd4+ Nxd4+ 37.
Nxd4+ Kd7 38. f4 $16 {with a nice bind.}) 32... Bd8 33. Nc2 Ke7 34. Nb4 Kd7 35.
d5 $1 {Black couldn't do anything to stop this thrust.} exd5 (35... e5 $2 {
only gives White an outpost on c6 and less space for Black's pieces.} 36. f4 $1
(36. f3 f5 37. Bg1 Kc7 38. Kd3 Kb7 39. Nac6 Bc7 $14) 36... Kc7 37. Kd3 Kb7 38.
Nac6 Bc7 39. Nxb8 $1 {otherwise he'll go Nd7-c5} Bxb8 40. Nc6 Bc7 41. Ke4 g6 (
41... b5 42. Kf5) 42. f5 $1 Ng7 43. Ne7 g5 44. Bg1 {with the idea of creating
another weakness on the kingside with h3-h4, and later followed by creating a
passed pawn on the queenside.}) 36. Nxd5 {White now has a long-term advantage
and we see him putting pressure on Black for the rest of the game.} Nc6 37. Nb5
$1 {[%csl Rb6,Rd6] Avoiding trades is favorable for the side with more space
and vice versa! In addition to this, White needs his knight to attack
weaknesses on d6 & b6.} Ne7 38. Ne3 (38. Nb4 d5 (38... Nc6 39. Nxc6 Kxc6 40.
Nd4+ Kd7 41. f4 d5 42. f5 Bc7 43. Bg1 $14) 39. Bf4 (39. Kd3 Nc7 40. Nd4 Ne6 41.
f3 Nc5+) 39... Nc7 40. Na3 Ne6 41. Be3 Bc7 {and it looks like it's Black who
improved his position more.}) 38... d5 39. Kd3 Nc7 40. Nd4 g6 (40... Ne6 {
is a better defence:} 41. b4 (41. Nxe6 Kxe6 42. Kd4 (42. f4 Bc7) 42... Nc6+) (
41. c4 Nxd4 42. Kxd4 dxc4 43. Kxc4 Kc6) 41... Nxd4 42. Kxd4 Kc6 {with good
chances to hold} 43. c4 dxc4 44. Nxc4 Nf5+ $11) 41. c4 $5 {A good practical
decision, White allows Black to rid himself of his IQP to activate his king
and exert pressure on the b-pawn. Changing the structure of the game can also
be unpleasant for the defender especially when he doesn't expect it!} (41. b4
Ne6) 41... dxc4+ 42. Kxc4 Nc6 43. Bxc7 Bxc7 44. Nf3 $1 {White wants to place
his king on b5 or a6. The best analyst in the world (Komodo 10), assesses this
as equal but this is deceiving because it doesn't take into account 2 things:
1) The engine is the most resourceful defender 2) a human will feel pressure
and see "ghosts" in such positions.} Bd8 (44... Na7 {is also possible but the
knight here is misplaced. Therefore a logical way to continue is to create
play on the other side of the board!} 45. g4 $1 Bd8 46. Nd5 {with Nd4, f4-f5
next.}) (44... Ne5+ 45. Nxe5+ Bxe5 46. b4 Kc6 47. b5+ Kd6 (47... Kc7 48. Nd5+
Kb7 49. g4 Bb2 50. Ne3 Kc7 51. Kd5 Kd7 52. Nc4 $18) 48. Nd5 $16) 45. Kb5 {
Mission accomplished. Now, Black has to be very accurate.} Kc7 ({The best
analyst recommends that the best defence is to invite the king to a6 and give
up the b-pawn, which is very counter-intuitive.} 45... Na7+ 46. Ka6 Nc6 47. Nd5
f5 48. Nxb6+ Kd6 {and I doubt any human would be willing to go for this.}) 46.
Nd5+ Kb7 {White has gained good ground for his pieces, and will proceed to fix
the weak b6 and create threats with his steeds.} 47. b4 f5 48. Kc4 Kc8 49. Nf4
Bc7 50. Ne6 Bd6 51. b5 Ne7 52. Nfg5 h5 53. Nf7 Bh2 54. Nf8 Bg1 55. f4 Be3 56.
Ne5 g5 57. fxg5 Bxg5 58. Nfg6 Nxg6 59. Nxg6 {White has successfully executed
another transformation, this time to a very favourable minor piece ending!} Kd7
60. Kd5 {With a much more active king and weak enemy pawns on both sides, the
rest is "a matter of technique" for a top player like Giri.} Be3 61. Nh4 f4 62.
Ng6 Bc1 63. Ne5+ Ke7 64. Nc4 Be3 65. g3 $1 {Giri skillfully uses all of his
resources here, a small pice of tactics!} Bc1 {.} 66. gxf4 Bxf4 67. Nxb6 Bg3
68. Nc4 Kd7 69. b6 h4 70. Kc5 Kc8 71. Kc6 {At this moment, both players are
playing with more or less a minute left on their clock. While this should be
winning for White he still has some work to do.} Kb8 72. Kb5 Kc8 73. Kc6 $1 {
White decides to move his king back to improve his knight first while also
gaining time on the clock! Great practical technique by Anish.} ({With little
time left on the clock, Anish wasn't sure yet if things were going to work if
he went to a6 and carefully, patiently makes the necessary preparation. Let's
check:} 73. Ka6 Kd7 74. b7 Ke6 75. Ne3 (75. Ka7 Kf5 76. Ne3+ Ke4 77. Ng2 Kf3
78. Nxh4+ $18) 75... Kf6 76. Ka7 Kg5 77. Ng2 $18 {But of course it's easy to
determine this when one is only watching and without being under time pressure!
}) 73... Kb8 74. Nd2 Bf4 75. Ne4 Bg3 76. Nc5 Bh2 77. Kb5 Bg1 78. Nb3 Bh2 79.
Ka6 {Now White decides to execute what is probably the only winning plan.} Bg3
80. Nd4 Kc8 81. b7+ Kd7 82. Ka7 {Seeing that his king cannot even make any
headway towards White's kingside, Black resigned.} 1-0

[Event "Ter Apel"]
[Site "Ter Apel"]
[Date "1991.02.28"]
[Round "4"]
[White "Bellon Lopez, Juan Manuel"]
[Black "Brenninkmeijer, Joris"]
[Result "1/2-1/2"]
[WhiteElo "2495"]
[BlackElo "2520"]
[Annotator "Schussler,H"]
[PlyCount "96"]
[EventDate "1991.02.25"]
[EventType "tourn"]
[EventRounds "5"]
[EventCountry "NED"]
[EventCategory "11"]
[SourceTitle "CBM 024"]
[Source "ChessBase"]
[SourceDate "1991.10.01"]
[SourceVersion "1"]
[SourceVersionDate "1991.10.01"]
[SourceQuality "1"]

1. d4 Nf6 2. Nf3 e6 3. Bg5 c5 4. e3 Be7 {Avoiding 4. - b6? 5.d5! and White is
better because of the line 5. - exd5 6.Nc3 Bb7 7.Nxd5!. Possible is also 4. -
cxd4.} 5. c3 b6 6. Nbd2 Bb7 7. Bd3 cxd4 8. exd4 O-O 9. O-O Nc6 10. Ne5 Nd5 11.
Nxc6 Bxc6 12. Bxe7 Qxe7 13. g3 b5 14. Qe2 a6 15. f4 f5 16. Nf3 Nb6 17. Ne5 Bd5
18. a3 Rac8 $10 19. Rae1 d6 20. Nf3 h6 21. Rf2 Nc4 22. Nh4 Qf6 23. Ng2 Rc7 24.
Ne3 Nxe3 25. Qxe3 Rb8 26. Qe2 g6 27. h3 Kf7 28. Kh2 h5 29. h4 Qe7 30. Qf1 Qd7
31. Re3 Qc6 32. Rfe2 Re7 33. Re1 Bc4 34. Qg2 Qxg2+ 35. Kxg2 Bxd3 36. Rxd3 a5
37. Kf2 d5 38. Ke3 Rc7 39. Kd2 Ke7 40. Ra1 Kd7 41. Re3 Rc6 42. b4 Ra8 43. bxa5
Rxa5 44. Ree1 Rca6 45. Reb1 Rxa3 46. Rxa3 Rxa3 47. Rxb5 Ra2+ 48. Ke3 Rg2
1/2-1/2

[Event "AUT-ch"]
[Site "Moesern"]
[Date "1997.08.05"]
[Round "6"]
[White "Brestian, Egon"]
[Black "Lehner, Oliver"]
[Result "0-1"]
[WhiteElo "2440"]
[BlackElo "2400"]
[Annotator "Sommerbauer,N"]
[PlyCount "80"]
[EventDate "1997.08.??"]
[EventType "tourn"]
[EventRounds "15"]
[EventCountry "AUT"]
[EventCategory "6"]
[SourceTitle "CBM 059 Extra"]
[Source "ChessBase"]
[SourceDate "1997.09.26"]
[SourceVersion "1"]
[SourceVersionDate "1997.09.26"]
[SourceQuality "1"]

1. d4 Nf6 2. Nf3 e6 3. e3 b6 4. Bd3 Bb7 5. O-O d6 6. Nbd2 ({Den Vorzug
verdiente} 6. c4 $1 {z.B.} Nbd7 7. Nc3 Be7 8. e4 e5 9. d5 Nf8 10. Be3 Ng6 11.
b4 O-O 12. Re1 Bc8 13. h3 Nh5 14. Kh2 Nhf4 15. Bf1 a5 16. bxa5 Rxa5 17. g3 Nh5
18. Nd2 Nf6 {mit großem weißen Stellungsvorteil, Z. Polgar-Damisch, Wiesbaden
1994}) 6... Nbd7 7. Qe2 g6 8. b3 Bg7 9. Bb2 O-O 10. c4 ({Zu erwägen war auch} 
10. Ba6 $5 Qc8 11. Bxb7 Qxb7 12. c4) 10... Re8 11. Bc2 ({Nach} 11. e4 e5 12. d5
Nh5 {wäre eher das schwarze Spiel etwas vorzuziehen.}) 11... e5 12. d5 Nh5 13.
Ne1 Rf8 14. g4 Nhf6 15. Ng2 c6 16. e4 cxd5 17. cxd5 Rc8 18. Bd3 $6 ({Ausgleich
bot} 18. Rac1 {z.B.} Nc5 19. b4 Ba6 20. b5 Bb7 {da der starke
Springervorposten auf "c5"durch die Schwäche "c6" kompensiert wird .}) 18...
Nc5 19. Bc4 Bh6 $1 20. f3 ({Auf} 20. f4 exf4 21. Nxf4 {folgt nicht} Ncd7 {
mit etwas besserem Spiel für Schwarz.} (21... Re8 22. Bb5 ({Interessant ist
auch} 22. Ne6 $5 {sondern}))) 20... b5 21. Bd3 Qb6 22. Kh1 Nxd3 23. Qxd3 Nd7 {
[#]} 24. Rad1 $2 ({Ein Fehlgriff. Richtig war} 24. b4 {mit nur geringfügig
besserem Spiel für Schwarz.}) 24... Qa5 $1 {Schwarz erlangt nun Vorteil.} 25.
a3 Nc5 26. Qe2 ({Auch nach} 26. Qc2 Bxd2 {fällt der Bauer b3.}) 26... Bxd2 27.
Rxd2 Nxb3 28. Rd3 Nc5 29. Rdd1 Ba6 30. Rg1 b4 31. Qe3 b3 32. Bc3 Qb5 33. Rd2
Nd3 34. Bb2 Rc2 {Entscheidend!} 35. Nh4 Qc5 ({Selbstredend gewann auch} 35...
Nxb2 36. Nf5 Qd7 37. Qh6 f6) 36. Qh6 Rxd2 37. Nf5 Nf2+ 38. Kg2 Nxe4+ ({Nicht
aber} 38... Nxg4+ $4 {wegen} 39. Qxd2) 39. Kh1 ({Ebenso verliert} 39. Kh3 gxf5
40. fxe4 (40. gxf5+ Qxg1) 40... Rd3+ 41. Kg2 (41. Rg3 Rxg3+ 42. hxg3 f6) 41...
Qe3) 39... Qxg1+ $3 40. Kxg1 Rd1+ (40... Rd1+ {und Weiß streckte wegen} 41. Kg2
Bf1+ 42. Kh1 Bh3#) 0-1